|
|
|
|
| LEADER |
01566nam a2200289 a 4500 |
| 001 |
7801 |
| 003 |
BD-DhAAL |
| 008 |
090909s2000 bg a b i000 0 eng d |
| 999 |
|
|
|c 3861
|d 3861
|
| 020 |
|
|
|a 9840515705
|
| 040 |
|
|
|a DLC
|c DLC
|
| 082 |
0 |
0 |
|a 370.95492
|2 21
|
| 245 |
0 |
0 |
|a Bangladesh education sector review /
|c World Bank.
|
| 260 |
|
|
|a Dhaka :
|b Published for the World Bank by University Press,
|c 2000.
|
| 300 |
|
|
|a xviii, 108 pages :
|b illustrations ;
|c 28 cm.
|
| 362 |
0 |
|
|a Vol. I
|
| 504 |
|
|
|a Includes bibliographical references.
|
| 526 |
|
|
|a BEID
|
| 541 |
1 |
|
|a Complimentary copy from BIED
|e 7801, 36237, 36238
|
| 650 |
|
0 |
|a Education
|z Bangladesh.
|9 28203
|
| 710 |
2 |
|
|a World Bank.
|9 28204
|
| 852 |
4 |
|
|a Ayesha Abed Library
|j General Stacks
|
| 942 |
|
|
|2 ddc
|c BK
|
| 952 |
|
|
|0 0
|1 0
|2 ddc
|4 0
|6 370_954920000000000_BAN_2000
|7 0
|9 3513
|a BRACUL
|b BRACUL
|c GEN
|d 2009-09-13
|g 245.00
|l 0
|o 370.95492 BAN
|p 3010007801
|r 2009-09-13
|t 1
|v 490.00
|w 2009-09-13
|y BK
|
| 952 |
|
|
|0 0
|1 0
|2 ddc
|4 0
|6 370_954920000000000_BAN_2000
|7 0
|9 9837
|a BRACUL
|b BRACUL
|c GEN
|d 2010-05-06
|l 1
|m 2
|o 370.95492 BAN
|p 3010015387
|r 2011-10-08
|s 2011-09-19
|t 2
|w 2010-05-06
|y BK
|
| 952 |
|
|
|0 0
|1 0
|2 ddc
|4 0
|6 370_954920000000000_BAN
|7 0
|9 66911
|a BRACUL
|b BRACUL
|c GEN
|d 2019-10-24
|e Complimentary copy from BIED
|l 0
|o 370.95492 BAN
|p 3010036237
|r 2019-10-24
|t 3
|w 2019-10-24
|y BK
|x Transferred from BIED to General Stacks
|
| 952 |
|
|
|0 0
|1 0
|2 ddc
|4 0
|6 370_954920000000000_BAN
|7 0
|9 66912
|a BRACUL
|b BRACUL
|c GEN
|d 2019-10-24
|e Complimentary copy from BIED
|l 0
|o 370.95492 BAN
|p 3010036238
|r 2019-10-24
|t 4
|w 2019-10-24
|y BK
|x Transferred from BIED to General Stacks
|